| 000 | 00701nam a22002537a 4500 | ||
|---|---|---|---|
| 003 | UA-OsUOA | ||
| 001 | 26299 | ||
| 007 | ta | ||
| 008 | 20040526b un ||||| |||| 00| 0 ukr d | ||
| 100 | _aПискунов Н.С. | ||
| 090 |
_a517.2/3 _bП34 |
||
| 942 | _cBK | ||
| 040 |
_aUA-OsUOA _brus _cUA-OsUOA _dUA-OsUOA |
||
| 245 | _aДифференциальное и интегральное исчисления для втузов | ||
| 300 |
_a312 с. _bІлюстрації |
||
| 955 | _a0 | ||
| 041 | _arus | ||
| 080 | _a517.2/3 | ||
| 260 |
_aМосква _bНаука _c1964 |
||
| 044 | _aRU | ||
| 250 | _nТом второй, издание пятое | ||
| 650 | 7 | _2UDC | |
| 999 |
_c312619 _d312619 |
||